Flag Quiz 4 - Statistics

General Stats
  • This quiz has been taken 220 times
  • The average score is 9 of 15
Answer Stats
Picture Answer % Correct
Argentina
94%
USA
91%
Belgium
86%
Slovenia
70%
Angola
69%
Chad
66%
Turkmenistan
65%
Seychelles
63%
Ghana
61%
Zimbabwe
54%
Grenada
50%
Samoa
49%
Comoros
43%
Solomon Islands
43%
Western Sahara
25%
No matching quizzes found
Score Distribution
Percent of People with Each Score
Percentile by Number Answered
Your Score History
You have not taken this quiz